| 000 | 00417pam a2200157 a 4500 | ||
|---|---|---|---|
| 020 |
_a9781451114805 _c |
||
| 041 | _aeng | ||
| 082 |
_a617.3 _bLIG |
||
| 100 | _aLIGUORI G. | ||
| 245 |
_aACSM`S RESOURCES FOR THE HEALTH FITNESS SPECIALIST + ONLINE _hTextual Documents |
||
| 250 | _a1. | ||
| 260 |
_bLIPPINCOTT WILLIAMS & WILKINS _c2014 |
||
| 300 |
_a405: _bXXVIII; _cHB+ _eONLINE. |
||
| 930 | _a6989 | ||
| 999 |
_c801516 _d801516 |
||
| 650 | _aORTHO | ||